[Event "27th Seacost Trophy 2017"]
[Site "Eforie Nord"]
[Date "2017.06.20"]
[Round "1"]
[White "Istratescu, Andrei"]
[Black "Ion, Dragos-Cosmin"]
[Result "1-0"]
[WhiteElo "2593"]
[BlackElo "1834"]
[Annotator "TA"]
[PlyCount "63"]
[EventDate "2017.??.??"]
[EventType "swiss"]
[EventCountry "ROU"]
[SourceTitle "playchess.com"]
[Source "ChessBase"]
[SourceQuality "1"]

{[%evp 15,63,27,33,31,33,30,25,28,49,49,33,41,48,49,50,41,57,53,54,49,49,52,53,51,58,51,51,52,52,43,77,71,92,79,113,111,194,193,175,91,91,67,95,94,167,153,168,96,1406,1325]} 1. d4 Nf6 2. c4 e6 3. Nf3 Bb4+ 4. Nbd2 O-O 5. a3 Bxd2+ 6. Qxd2 d6 7. b4 {E11: Bogo-Indian} (7. e3 Qe7 8. Be2 e5 9. O-O e4 10. Ne1 Bg4 11. f3 exf3 12. gxf3 Bh3 13. Rf2 Nbd7 14. e4 h6 {½-½ (23) Ding,L (2781)-Wang,C (2529) Shenzhen 2015}) 7... Qe7 8. Bb2 Nbd7 {LiveBook: 5 Games} 9. e3 {White is slightly better.} e5 10. Qc2 a5 $146 ({Predecessor:} 10... b6 11. Be2 Bb7 12. O-O h6 13. Rfd1 a5 14. Bc3 Ne4 {1-0 (38) Pulvett Marin,D (2405)-Saez Coma,A (2025) Barbera del Valles 2013}) 11. Be2 axb4 12. axb4 Rxa1+ 13. Bxa1 b6 14. O-O Bb7 15. Bb2 Ra8 16. Rc1 c5 17. bxc5 bxc5 18. d5 Bc8 19. Nd2 Nb6 20. Bd3 g6 21. Rb1 Ra6 22. Nf1 Qa7 23. f4 Nfd7 24. Ng3 Ra2 25. Ne4 Qc7 {[#]} (25... Na4 $16) 26. fxe5 $1 $18 dxe5 27. Nc3 (27. Rf1 $18) 27... Ra8 $16 28. Nb5 Qd8 29. Rf1 {Nd6 is the strong threat.} Ba6 (29... Qf8 $16) 30. Nd6 $18 f5 {[#]} 31. Bxf5 ({White should play} 31. Rf3 $1 $18) 31... Qe7 $2 {[%mdl 8192]} (31... gxf5 $16 32. Qxf5 Qf6 33. Qxf6 Nxf6) 32. Be6+ {Precision: White = 71%, Black = 52%.} 1-0

[Event "27th Seacost Trophy 2017"]
[Site "Eforie Nord"]
[Date "2017.06.20"]
[Round "1"]
[White "Nevednichy, Vladislav"]
[Black "Verbin, Valentina"]
[Result "1-0"]
[WhiteElo "2533"]
[BlackElo "1817"]
[Annotator "TA"]
[PlyCount "61"]
[EventDate "2017.??.??"]
[EventType "swiss"]
[EventCountry "ROU"]
[SourceTitle "playchess.com"]
[Source "ChessBase"]
[SourceQuality "1"]

{[%evp 9,61,4,29,21,14,10,4,13,13,0,-4,-6,9,-19,28,0,0,0,14,25,85,91,95,89,94,74,142,87,212,125,127,133,139,148,137,141,135,123,289,217,300,279,358,362,364,361,359,359,348,366,356,366,363,160]} 1. Nf3 Nf6 2. g3 d5 3. Bg2 Bf5 4. d3 e6 5. O-O Bd6 (5... c6 6. Nbd2 h6 7. b3 Be7 8. Bb2 O-O 9. Qe1 a5 10. e4 Bh7 11. a3 c5 12. Ne5 a4 13. f4 Nc6 14. Nxc6 bxc6 15. Qe2 axb3 16. cxb3 Qb6 17. Kh1 Qa6 18. Rae1 Rfd8 19. f5 dxe4 20. fxe6 Qxd3 21. exf7+ Kxf7 22. Nxe4 Qxe2 23. Rxe2 {1-0 (33) Li,C (2756)-Tregubov,P (2597) Germany 2016}) 6. Nc3 {A07: Réti Opening: New York and Capablanca Systems} O-O 7. Nd2 $146 ({Predecessor:} 7. Qe1 Bg6 8. Nh4 c6 9. e4 dxe4 10. dxe4 Nbd7 11. h3 Qc7 12. f4 Bc5+ 13. Kh1 {1-0 (56) Garcia Cano,A (2247)-Oset Teixidor,G (1920) Llinars del Valles 2014}) 7... c6 8. e4 {The position is equal.} Bg6 9. Qe2 {e5 is the strong threat.} Nbd7 10. f4 Bh5 11. Qe1 dxe4 12. dxe4 Bc5+ 13. Kh1 a5 14. h3 a4 (14... h6 $11 {remains equal.}) 15. g4 $16 Bxg4 ({Don't go for} 15... Bg6 $2 16. f5 $18) 16. hxg4 Nxg4 17. Nf3 Qb6 (17... f5 $142) 18. Nd1 (18. Bh3 $142 Nf2+ 19. Kg2 Nxh3 20. Kxh3) 18... Ndf6 (18... f5 $16) 19. Nd2 ({White should play} 19. Bh3 $18) 19... Rfd8 20. Bf3 {aiming for e5.} h5 21. e5 Nd5 22. Bxg4 hxg4 23. Ne4 Kf8 $2 (23... Ne7 $16) 24. Ndf2 Ke7 25. Nxg4 Rh8+ {[#]} 26. Kg2 $1 ({Weaker is} 26. Nh2 Rh7 $14) 26... f5 {[#]} 27. exf6+ $1 gxf6 28. f5 {Threatens to win with Nexf6!} Rag8 {[#]} 29. Nexf6 $1 {[%mdl 512]} Nxf6 30. Qxe6+ Kd8 31. Bg5 {Precision: White = 64%, Black = 30%.} (31. Qxf6+ $18 {is the precise move to win.} Be7 32. Rd1+ Ke8 33. Re1) 1-0

[Event "27th Seacost Trophy 2017"]
[Site "Eforie Nord"]
[Date "2017.06.20"]
[Round "1"]
[White "Manolache, Marius"]
[Black "Stoian, Cristian-Georgian"]
[Result "1-0"]
[WhiteElo "2507"]
[BlackElo "1802"]
[Annotator "TA"]
[PlyCount "115"]
[EventDate "2017.??.??"]
[EventType "swiss"]
[EventCountry "ROU"]
[SourceTitle "playchess.com"]
[Source "ChessBase"]
[SourceQuality "1"]

{[%evp 10,115,0,-17,-14,-18,0,0,0,0,2,-4,-4,-22,-35,-52,-51,-49,-9,0,0,-6,0,0,0,-12,21,9,12,9,19,-13,-9,-7,0,-30,-33,-27,-22,-24,-22,-93,-85,-92,-93,-77,-12,-12,-20,-22,9,11,9,0,29,7,9,9,16,6,6,-17,11,9,14,6,68,58,109,18,17,0,0,0,0,0,0,0,8,10,8,-3,0,0,2,3,27,27,46,27,29,31,51,51,167,162,171,131,131,47,49,0,157,153,166,104,115,98]} 1. d4 Nf6 2. Bg5 e6 3. e4 h6 4. Bxf6 Qxf6 5. Nc3 Bb4 6. Nf3 {LiveBook: 31 Games} O-O {A45: Trompowsky Attack} 7. Bd3 c5 (7... d5 $5) 8. e5 Qe7 {The position is equal.} 9. O-O cxd4 10. Nb5 {[#] Threatens to win with Nc7.} Nc6 11. a3 $146 ({Predecessor:} 11. Nbxd4 Nxd4 12. Nxd4 d6 13. exd6 Bxd6 14. Qh5 {0-1 (31) Vaishali,R (2291)-Gagare,S (2509) Pune 2016}) 11... Bc5 12. b4 Bb6 13. Qe2 a6 14. Qe4 $36 {[%csl Gd3][%cal Re4h7][%mdl 2048] White has the initiative.} g6 15. Nbxd4 Nxd4 16. Nxd4 d6 17. Nf3 Bc7 18. Rfe1 dxe5 19. Nxe5 Qf6 20. f4 Rb8 21. c4 b6 22. c5 bxc5 23. bxc5 Rd8 24. Bc4 Rb2 25. Rac1 (25. Rab1 $11 {remains equal.} Rbd2 26. Nf3) 25... Bb7 $17 26. c6 Bxe5 27. cxb7 ({Don't take} 27. fxe5 $2 Qf2+ 28. Kh1 Rd4 $19) 27... Qxf4 (27... Bxf4 $17 28. Rb1 Bb8) 28. Qxf4 $11 Bxf4 29. Rb1 Rxb1 (29... Rdd2 {seems wilder.} 30. Bf1 Kf8 31. Rxb2 Rxb2 32. Re4 Bd6) 30. Rxb1 {[%mdl 4096] Endgame KRB-KRB} a5 31. g3 Bc7 32. Ba6 {Black must now prevent Rc1.} Kf8 33. Rc1 Bb8 34. Kf1 Ke7 35. Rc5 Rd5 36. Rc8 Rd8 37. a4 f5 (37... g5 $11) 38. Bc4 $14 e5 (38... Be5 $14) 39. Rc5 (39. Bf7 $16) 39... Rd7 40. Bd5 Kd6 41. Rxa5 e4 42. Rb5 Rc7 43. Bb3 Rc5 44. Rb6+ Rc6 45. Rb4 Kc7 46. a5 {[%cal Ba4a5,Ba5a6][%mdl 32]} Ba7 47. Bc4 Rc5 48. a6 Rc6 49. Ke1 Rb6 50. Ra4 g5 51. Be2 e3 {[#]} (51... Rb1+ $14 52. Kd2 Rb6) 52. Bd3 $1 $18 Rf6 53. Rc4+ Rc6 54. Rb4 ({Better is} 54. Rxc6+ $16 Kxc6 55. Bxf5) 54... Rb6 $1 $14 {[%cal Rb6b4]} 55. Ra4 ({White should play} 55. Rxb6 $14 Kxb6 56. Ke2 (56. Bxf5 Kxa6 57. Be4 h5 $14)) 55... Rf6 $1 $16 56. Ke2 Rb6 57. Bxf5 ({White should try} 57. Ra2 $18) 57... Rb2+ 58. Ke1 {Precision: White = 42%, Black = 53%.} 1-0

[Event "27th Seacost Trophy 2017"]
[Site "Eforie Nord"]
[Date "2017.06.20"]
[Round "1"]
[White "Bulmaga, Irina"]
[Black "Linca, Ionel"]
[Result "1-0"]
[WhiteElo "2415"]
[BlackElo "1786"]
[Annotator "TA"]
[PlyCount "97"]
[EventDate "2017.??.??"]
[EventType "swiss"]
[EventCountry "ROU"]
[SourceTitle "playchess.com"]
[Source "ChessBase"]
[SourceQuality "1"]

{[%evp 12,97,47,42,59,42,65,41,40,43,47,23,31,9,87,73,94,91,125,120,143,144,154,114,128,139,137,125,275,255,276,289,272,291,305,261,250,283,248,134,121,125,155,142,150,89,151,118,227,235,250,142,235,140,253,245,255,231,268,236,253,241,332,151,140,101,138,71,95,79,77,0,192,127,238,237,252,219,450,447,446,443,420,428,632,682,29996,29997]} 1. e4 c5 2. Nf3 d6 3. d4 cxd4 4. Nxd4 Nf6 5. Nc3 a6 6. Be3 Qc7 7. f3 {LiveBook: 11 Games} Nc6 {B90: Sicilian Najdorf: Unusual White 6th moves, 6 Be3 Ng4 and 6 Be3 e5} (7... Nbd7 8. g4 h6 9. Qd2 b5 10. O-O-O b4 11. Nce2 Bb7 12. Qxb4 e5 13. Nb3 d5 14. Qa5 Rc8 15. Qxc7 Rxc7 {0-1 (35) Adair,J (2488)-Edouard,R (2628) Reading 2017}) 8. Qd2 (8. Be2 {is interesting.} e5 9. Nb3 Be6 10. O-O Ne7 11. f4) 8... Nxd4 9. Bxd4 (9. Qxd4 {looks sharper.} b5 10. O-O-O Bb7 11. Be2 e6 12. a4) 9... e5 {White is slightly better.} 10. Be3 Be6 11. O-O-O b5 $146 ({Predecessor:} 11... Be7 12. g4 b5 13. g5 Nd7 14. h4 Nc5 15. h5 {1-0 (45) Zeldin,L (1788)-Jopek,E (1890) Essen 2004}) 12. g4 b4 (12... d5 $11 13. exd5 (13. Nxd5 Nxd5 14. exd5 Rd8 $11) 13... Rd8) 13. Nd5 $36 {[%mdl 2048] Keeping Black busy.} Bxd5 14. exd5 Be7 15. Qxb4 Nd7 16. Qc4 Qd8 17. Bd3 O-O 18. h4 {[%cal Bh2h4,Bh4h5][%mdl 32]} Qa5 19. g5 Rfc8 (19... Rab8 $16 {is a better defense.}) 20. Qe4 $18 Nf8 21. a3 Rab8 22. h5 Rb7 23. Bd2 Qb6 {[%csl Gb7][%cal Rb6b2]} 24. b4 a5 25. Rdg1 (25. b5 $18) 25... axb4 $16 26. Bxb4 f6 {[#]} 27. gxf6 $1 Bxf6 28. Rg2 (28. Kd1 $142) 28... Kh8 (28... h6 $142) 29. Rhg1 Qc7 (29... Rcc7 $16 {was called for.}) 30. Qf5 Qd8 31. Kd1 (31. Bxd6 $18 Rxc2+ 32. Rxc2 Qxd6 33. Rc8 Rc7+ 34. Kd2 Rxc8 35. Qxc8) 31... e4 (31... Ra8 $16 32. Rg4 Rf7) 32. Bxe4 ({White should try} 32. Qxe4 $18 Ra8 33. Rg4) 32... Rcb8 (32... Bd4 $16) 33. Rg4 Bd4 34. R1g2 Kg8 35. Bd3 Rf7 36. Qe4 ({Worse is} 36. Rxd4 Rxf5 37. Bxf5 Qf6 $14) 36... Be5 37. Qe2 (37. f4 $18 {is more deadly.} Bf6 38. h6) 37... Qf6 38. Be4 Bc3 39. Qd3 (39. Qe3 $142 Bxb4 40. axb4) 39... Bxb4 40. axb4 Kh8 41. Qd2 (41. c3 $16) 41... Ra7 $2 (41... Nd7 $11 {and Black has nothing to worry.}) 42. Ke2 ({Better is} 42. Qf4 $18 {And now Qxf6 would win.} Qd4+ 43. Ke2) 42... Qe5 (42... Rf7 $16) 43. Rg5 $18 Qf6 {[#]} 44. Rf5 $1 {[%cal Rf5f6]} Qb2 $2 (44... Qe7 45. h6 g6 46. Qd4+ Kg8) 45. Qf4 Kg8 46. Qxd6 Re8 {Strongly threatening ...Qxc2+.} 47. Qc6 Rae7 (47... Rd8 $142 48. Qc5 Rad7) 48. d6 Ra7 49. Qxe8 {Precision: White = 55%, Black = 28%.} 1-0

[Event "27th Seacost Trophy 2017"]
[Site "Eforie Nord"]
[Date "2017.06.20"]
[Round "1"]
[White "Itkis, Boris"]
[Black "Mihalca, Imre-Gheorghe"]
[Result "1-0"]
[WhiteElo "2371"]
[BlackElo "1779"]
[Annotator "TA"]
[PlyCount "67"]
[EventDate "2017.??.??"]
[EventType "swiss"]
[EventCountry "ROU"]
[SourceTitle "playchess.com"]
[Source "ChessBase"]
[SourceQuality "1"]

{[%evp 9,67,69,125,127,154,146,186,171,217,224,237,227,240,241,240,241,240,242,244,181,167,156,559,531,664,663,798,785,782,758,768,698,680,686,667,678,628,590,583,565,1231,1141,1897,1705,1763,1711,5369,5369,5369,5365,29987,2667,29988,29989,29989,29990,29990,29991,29991,276]} 1. d4 d5 2. c4 Nf6 3. cxd5 e6 (3... c6 4. dxc6 Nxc6 5. Nf3 e5 6. Nxe5 Nxe5 7. dxe5 Qxd1+ 8. Kxd1 Ng4 9. Ke1 Bc5 10. e3 Nxe5 11. Bd2 {½-½ (31) Vorobiov,E (2577)-Zvjaginsev,V (2646) Serpukhov 2008}) 4. dxe6 Bxe6 5. Nc3 Nc6 ({Better is} 5... c5 $14) 6. e3 {D06: Queen's Gambit: Symmetrical and Baltic Defences} Bb4 7. Bd3 Bd5 $146 ({Predecessor:} 7... O-O 8. Nf3 Re8 9. O-O Bxc3 10. bxc3 Qd6 11. e4 {1-0 (31) Sturdivant,A (1110)-Aalto,P (1000) IECG email 2001}) 8. Nf3 {White is clearly better.} Ne4 9. Qc2 ({Don't take} 9. Bxe4 $6 Bxe4 10. O-O Bxc3 $16) 9... Qe7 10. O-O Nxc3 11. bxc3 Bxf3 12. gxf3 Bd6 13. f4 {[%cal Bf3f4,Bf4f5][%mdl 32]} g5 14. f5 g4 15. e4 $36 {[%mdl 2048] aiming for Bb5. White is in control.} Qh4 $2 (15... O-O-O $16) 16. e5 $18 Bxe5 17. dxe5 Nxe5 {[#] ( -> ...Nf3+)} 18. Re1 f6 19. Bf4 O-O-O 20. Bxe5 fxe5 21. Rxe5 Rd6 {If only Black now had time for ...Rh6....} 22. Re6 Rhd8 23. Rxd6 Rxd6 24. Qe2 Qh3 25. Bc4 {[#] White wants to mate with Qe8+.} Qh5 26. Be6+ Kb8 27. Rd1 Qg5 28. Rxd6 cxd6 29. Qc4 {[%csl Ge6][%cal Rc4c8]} a6 30. Qc8+ Ka7 31. Bd5 {[%csl Gd5][%cal Rc8b7] White mates.} Qc1+ 32. Kg2 {[%csl Gd5][%cal Rc8b7]} Qb1 33. f6 h5 34. Qxb7+ $2 {Precision: White = 82%, Black = 34%.} (34. f7 {mates} h4 35. f8=Q h3+ 36. Kg3 Qd3+ 37. Kh4 Qh7+ 38. Kg5 Qb1 39. Qxd6 Qc1+ 40. Kh5 Qg5+ 41. Kxg5 b6 42. Qe7#) 1-0

[Event "27th Seacost Trophy 2017"]
[Site "Eforie Nord"]
[Date "2017.06.20"]
[Round "1"]
[White "Ocampo, Cristian David"]
[Black "Nanu, Costica-Ciprian"]
[Result "0-1"]
[WhiteElo "1846"]
[BlackElo "2509"]
[Annotator "TA"]
[PlyCount "46"]
[EventDate "2017.??.??"]
[EventType "swiss"]
[EventCountry "ROU"]
[SourceTitle "playchess.com"]
[Source "ChessBase"]
[SourceQuality "1"]

{[%evp 13,46,8,20,-23,-24,-22,-27,-102,-75,-147,-107,-87,-83,-110,-99,-120,-108,-123,-88,-182,-187,-377,-335,-395,-349,-329,-283,-447,-433,-448,-440,-529,-509,-513,-494]} 1. d4 Nf6 2. c4 e6 3. Nc3 Bb4 4. e3 c5 5. Nge2 b6 6. a3 Ba5 7. Bd2 O-O 8. dxc5 {E42: Nimzo-Indian: Rubinstein: 4...c5 5 Ne2} (8. Rb1 $5 {[%cal Rb2b4]} Nc6 9. d5 $11) (8. d5 exd5 9. cxd5 d6 10. Ng3 Bb7 11. e4 Re8 12. Bb5 Nbd7 13. O-O Bxc3 14. Bxc3 Nxe4 15. Nf5 Nxc3 16. bxc3 {½-½ (31) Jussupow,A (2608)-Vallejo Pons,F (2700) Germany 2013}) 8... bxc5 9. Rb1 $146 ({Predecessor:} 9. Nf4 Bb7 10. Bd3 Nc6 11. O-O Bc7 12. Na4 Qe7 13. b4 d6 14. Bc3 Ne5 15. Be2 Rfd8 {0-1 (41) Moor,O (2386)-Gabriel,C (2565) Switzerland 2004}) 9... Nc6 10. Nb5 (10. Ng3 $11 {keeps the balance.}) 10... d5 {...Bxd2+ is the strong threat.} (10... Bxd2+ {keeps more tension.} 11. Qxd2 d5 12. Ng3 Rb8 13. cxd5 exd5 14. Be2 h5) 11. cxd5 ({Better is} 11. b4 a6 12. cxd5 exd5 13. bxa5 axb5 14. Rxb5) 11... exd5 {White must now prevent ...Bxd2+.} 12. b4 cxb4 $40 {[%mdl 128] Black goes for the king.} 13. axb4 {[#]} Bb6 $1 14. Ng3 a6 15. Na3 Re8 16. Bd3 (16. Be2 $17) 16... Ne5 $19 17. Qe2 $2 {[#]} (17. Be2) 17... h5 $1 {[%cal Bh7h5,Bh5h4,Bh4h3,Bh3g2][%mdl 544]} 18. O-O (18. Nxh5 Nxh5) 18... h4 19. Nf5 Ne4 20. Bxe4 (20. Nxg7 $142 Kxg7 21. Bxe4 dxe4 22. Bc3) 20... dxe4 {Black is clearly winning.} 21. Nd4 h3 22. Rfc1 hxg2 23. Nc6 {[#]} Qxd2 $1 {[%mdl 512] Precision: White = 24%, Black = 86%.} 0-1

[Event "27th Seacost Trophy 2017"]
[Site "Eforie Nord"]
[Date "2017.06.20"]
[Round "1"]
[White "Gheorghiu, Alexandru-Dan"]
[Black "Murariu, Andrei"]
[Result "0-1"]
[WhiteElo "1795"]
[BlackElo "2504"]
[Annotator "TA"]
[PlyCount "106"]
[EventDate "2017.??.??"]
[EventType "swiss"]
[EventCountry "ROU"]
[SourceTitle "playchess.com"]
[Source "ChessBase"]
[SourceQuality "1"]

{[%evp 17,106,-47,-27,-98,-88,-83,-75,-78,-75,-105,-85,-207,-206,-203,-200,-181,-136,-204,-139,-189,-179,-193,-187,-192,-189,-239,-253,-240,-241,-251,-235,-210,-228,-337,-347,-326,-342,-343,-335,-388,-388,-395,-395,-354,-355,-367,-367,-350,-350,-506,-528,-913,-905,-917,-906,-881,-893,-839,-832,-765,-583,-608,-600,-510,-467,-556,-556,-556,-505,-1676,-1610,-1891,-1756,-1466,-1320,-29974,-29975,-29973,-29973,-29973,-29974,-29968,-29969,-29969,-29970,-29968,-29964,-29984,-29985,-29988,-29989]} 1. e4 c5 2. c3 Nf6 3. e5 Nd5 4. d4 cxd4 5. Nf3 Nc6 6. cxd4 d6 7. Bc4 Nb6 8. Bb3 dxe5 9. d5 Na5 {[%cal Bc6a5,Ba5c4,Bc4e3][%mdl 32]} 10. Ba4+ {B22: Sicilian: 2 c3} (10. Nc3 $11) (10. Nc3 Nxb3 11. Qxb3 e6 12. Nxe5 Nxd5 13. Qb5+ Bd7 14. Qxb7 Bb4 15. Nxd7 Qc8 16. Nc5 Qxb7 17. Nxb7 Rb8 18. Nd6+ Bxd6 19. Nxd5 exd5 20. O-O {½-½ (31) Stevic,H (2624)-Markus,R (2625) Ljubljana 2012}) 10... Bd7 11. Bxd7+ Qxd7 12. Nc3 {Black is better.} f6 13. Be3 $146 ({Predecessor:} 13. O-O Nac4 14. Qb3 g6 15. a4 Nd6 16. a5 Nbc4 17. Be3 Nxe3 18. fxe3 {0-1 (39) Saifan,J (2050)-Aigner,M (2166) Dos Hermanas 2003}) 13... Nac4 14. b3 (14. Bxb6 $17 Nxb6 15. Qb3) 14... Nxe3 $19 15. fxe3 e6 16. dxe6 Qxd1+ 17. Kxd1 (17. Nxd1 $17 Ke7 18. e4) 17... Bb4 18. Nb5 {[#]} Ke7 $1 {And now ...a6 would win.} 19. a3 a6 20. axb4 {aiming for Nc7.} axb5 21. Ra5 Nd5 (21... Kxe6 22. e4) 22. Ke2 b6 (22... Nxb4 23. Rxb5 Ra2+ 24. Nd2) 23. Rxa8 Rxa8 {[%mdl 4096] Endgame KRN-KRN} 24. Rc1 Kxe6 25. e4 (25. Nd2 $142) 25... Ra2+ ({Weaker is} 25... Nxb4 26. Rc7 $17) 26. Nd2 {[#]} Nf4+ $1 ({Not} 26... Nxb4 27. Rc7 $17) 27. Kd1 Kd7 ({But not} 27... Nxg2 28. Rc6+ Kf7 29. Ke2 $19) 28. Rc3 Ra1+ 29. Kc2 Rg1 30. g3 Ne2 31. Rd3+ Nd4+ 32. Kb2 Rg2 33. h4 (33. Kc1 {keeps fighting.} Ke7 34. Nf3) 33... h5 34. Kc1 {[#]} Rxg3 $1 {[%mdl 512]} 35. Rxg3 Ne2+ 36. Kc2 Nxg3 {KN-KN} 37. Kd3 Kd6 38. Nb1 f5 39. exf5 Nxf5 40. Nc3 Nxh4 41. Nxb5+ Kc6 42. Nc3 Ng6 43. Kc4 (43. Ke4 $142 h4 44. Kf3) 43... h4 44. b5+ Kd6 45. Ne4+ Ke6 46. Ng5+ Kf5 {Black mates.} 47. Nf3 e4 48. Nd4+ Ke5 49. Nc6+ Kd6 50. Nd4 h3 {[%cal Bh4h3,Bh3h2][%mdl 32]} 51. Nf5+ Ke5 52. Ng3 h2 53. Nh1 Nf4 {Precision: White = 40%, Black = 90%.} 0-1

[Event "27th Seacost Trophy 2017"]
[Site "Eforie Nord"]
[Date "2017.06.20"]
[Round "1"]
[White "Savu, Marius-Florin"]
[Black "Soltanici, Ruslan"]
[Result "0-1"]
[WhiteElo "1783"]
[BlackElo "2393"]
[Annotator "TA"]
[PlyCount "94"]
[EventDate "2017.??.??"]
[EventType "swiss"]
[EventCountry "ROU"]
[SourceTitle "playchess.com"]
[Source "ChessBase"]
[SourceQuality "1"]

{[%evp 9,94,-43,-15,-38,-26,-36,-38,-37,-30,-33,-15,-36,-28,-41,-35,-77,-32,-126,-105,-198,-99,-152,-156,-145,-145,-169,-171,-182,-177,-169,-171,-206,-179,-197,-200,-307,-295,-321,-280,-306,-251,-358,-283,-288,-282,-281,-254,-379,-378,-384,-386,-429,-436,-456,-397,-472,-451,-523,-499,-498,-345,-304,-311,-330,-331,-325,-310,-460,-422,-413,-409,-415,-407,-596,-546,-535,-529,-660,-412,-568,-562,-516,-508,-529,-523,-771,-745]} 1. Nc3 c5 2. e3 Nf6 (2... g6 3. d4 Bg7 4. Nf3 Nf6 5. a3 b6 6. Bd3 Bb7 7. O-O d6 8. Re1 O-O 9. b3 Nbd7 10. Bb2 {½-½ (25) Drazic,S (2524)-Colovic,A (2457) Milan 2010}) 3. Nf3 d5 4. Bb5+ Nbd7 5. a4 e6 (5... a6 $5 {[%cal Ra6b5]} 6. Be2 e5 $11) 6. b3 {A00: Irregular Openings} Be7 7. O-O O-O 8. Bb2 {Black is slightly better.} a6 9. Be2 b6 10. d4 Bd6 11. Re1 $146 ({Predecessor:} 11. h3 Bb7 12. Re1 Qe7 13. Qd2 e5 14. dxe5 Nxe5 15. Nxe5 Qxe5 {0-1 (76) Trabert,L (2169)-Bauer,A (2188) Baden 2014}) 11... Bb7 12. Bd3 Rc8 13. e4 (13. Nb1 $15) 13... cxd4 $17 {[#]} 14. Nxd4 (14. Nxd5 $1 $17 {[%mdl 512] keeps fighting.} Ng4 (14... Bxd5 15. exd5) 15. h3) 14... Bb4 ({Black should play} 14... Be5 $19 15. exd5 Bxd4 16. Bxh7+ Kxh7 17. Qxd4 exd5) 15. e5 ({White should try} 15. exd5 Rxc3 16. dxe6 Rxd3 17. Qxd3 Bxe1 18. Rxe1) 15... Bxc3 ({Resist} 15... Rxc3 16. exf6 Nxf6 17. Bxc3 $17) 16. Bxc3 Rxc3 17. exf6 Qxf6 18. Re3 {[#] Strongly threatening Bxh7+!} g6 $1 19. Ne2 Rcc8 20. Rc1 Nc5 21. Rh3 e5 {[%cal Be6e5,Be5e4][%mdl 32] And now ...e4 would win.} 22. Ng3 (22. c3 $142) 22... e4 23. Be2 d4 24. Bc4 Ne6 25. Qg4 (25. Ne2 $142) 25... Qg5 26. Qxg5 Nxg5 27. Rh4 Rc5 28. Re1 (28. Rd1 $142) 28... b5 $19 29. axb5 axb5 30. Bf1 f5 31. Ne2 Rd8 32. Rd1 Rxc2 33. Rxd4 Rxd4 34. Nxd4 Rc1 35. f4 exf3 36. gxf3 Bxf3 ({Don't play} 36... Nxf3+ 37. Nxf3 Bxf3 38. Kf2 $19) 37. Kf2 Ne4+ 38. Ke3 (38. Kxf3 $142 Rxf1+ 39. Ke2) 38... Rxf1 39. Nxf3 {[%mdl 4096] Endgame KRN-KRN} Kg7 40. Nd4 b4 41. Nc6 (41. Ke2 {was called for.} Rc1 42. Rf4) 41... Rb1 42. Nd4 Rc1 43. Ne2 Rc2 44. Rf4 Nc3 {Black is clearly winning.} 45. Nxc3 Rxc3+ 46. Kd2 Rxb3 47. Kc2 Rh3 {Precision: White = 19%, Black = 78%.} 0-1

[Event "27th Seacost Trophy 2017"]
[Site "Eforie Nord"]
[Date "2017.06.20"]
[Round "2"]
[White "Kharitonov, Alexandr"]
[Black "Budur, Costel"]
[Result "1-0"]
[WhiteElo "2547"]
[BlackElo "2026"]
[Annotator "TA"]
[PlyCount "79"]
[EventDate "2017.??.??"]
[EventType "swiss"]
[EventCountry "ROU"]
[SourceTitle "playchess.com"]
[Source "ChessBase"]
[SourceQuality "1"]

{[%evp 10,79,30,39,57,57,58,59,66,51,46,35,43,50,66,87,77,87,75,79,87,73,95,97,130,133,139,122,147,132,135,132,136,124,124,108,118,110,124,108,128,117,129,138,139,140,158,149,171,149,233,254,643,637,622,601,1011,919,1762,1851,29984,29985,29985,29986,29986,29987,29991,29992,29993,29994,29994,29995]} 1. d4 f5 2. g3 Nf6 3. Bg2 d5 4. c4 c6 5. Nf3 e6 6. Bf4 {LiveBook: 39 Games} Qb6 $146 {A90: Dutch Defence: Miscellaneous and Modern Stonewall (with ...Bd6)} ({Predecessor:} 6... Be7 7. O-O O-O 8. Qc2 b6 9. cxd5 Nxd5 10. Bxb8 Rxb8 11. Qxc6 Bd7 12. Qc2 Rc8 13. Qb3 Qe8 14. a4 b5 15. axb5 Bxb5 16. Ne5 Bxe2 17. Bxd5 exd5 18. Qxd5+ {1-0 (24) Ragger,M (2700)-Richter,M (2505) Germany 2016}) 7. Qc2 Be7 8. O-O O-O {White is slightly better.} 9. c5 Qd8 10. Nc3 Ne4 11. Ne5 {[%cal Rc3e4]} Nd7 12. Nxe4 fxe4 13. f3 Nxe5 14. Bxe5 exf3 15. exf3 Bd7 16. Rfe1 b5 17. a4 a6 18. b4 Qe8 19. Ra3 Qh5 20. Rea1 {aiming for axb5.} Rad8 21. axb5 axb5 22. Ra7 Bf6 23. Re1 Be8 24. Qd2 Rf7 25. Ra6 Rc8 26. h4 Qg6 {White should prevent ...Bxe5.} 27. Kh2 Bd7 28. f4 {[%cal Bf3f4,Bf4f5][%mdl 32]} Re7 29. Bh3 Qh5 (29... Bxe5 $16 30. Rxe5 (30. dxe5 Be8 $16) (30. fxe5 Rf7 $16) 30... Rce8) 30. Ra7 $18 Qe8 $2 (30... Rd8 31. Bxf6 gxf6 32. Rxd7 Rexd7) 31. Bd6 Rf7 {[#]} 32. f5 $1 {[%mdl 512]} e5 (32... exf5 33. Rxe8+) 33. dxe5 Bxh4 34. gxh4 Bxf5 35. Rxf7 {White mates.} Qxf7 36. Rf1 g6 37. Bxf5 gxf5 38. Rg1+ Kh8 {[#]} 39. e6 $1 Qf6 (39... Qxe6 40. Qd4+) 40. Qf4 {Precision: White = 83%, Black = 35%.} 1-0